Spoken english (Record no. 7627)

MARC details
000 -LEADER
fixed length control field 00500cam a2200217ua 4500
001 - CONTROL NUMBER
control field 8532
005 - DATE AND TIME OF LATEST TRANSACTION
control field 20260515114339.0
008 - FIXED-LENGTH DATA ELEMENTS--GENERAL INFORMATION
fixed length control field 150205n ii |||gr||||Z||||||eng
020 ## - INTERNATIONAL STANDARD BOOK NUMBER
International Standard Book Number 8125000801
040 ## - CATALOGING SOURCE
Transcribing agency MAIN
041 ## - LANGUAGE CODE
Language code of text/sound track or separate title eng
082 ## - DEWEY DECIMAL CLASSIFICATION NUMBER
Classification number 414
100 ## - MAIN ENTRY--PERSONAL NAME
Personal name Bansal. R. K.,
Relator term Author.
245 ## - TITLE STATEMENT
Title Spoken english
Statement of responsibility, etc. By R. K. Bansal
250 ## - EDITION STATEMENT
Edition statement 2nd.
260 ## - PUBLICATION, DISTRIBUTION, ETC.
Place of publication, distribution, etc. New Delhi:
Name of publisher, distributor, etc. Orient,
Date of publication, distribution, etc. 1994.
300 ## - PHYSICAL DESCRIPTION
Extent 191p.
653 ## - INDEX TERM--UNCONTROLLED
Uncontrolled term Phonology & phonetics
653 ## - INDEX TERM--UNCONTROLLED
Uncontrolled term Spoken english
942 ## - ADDED ENTRY ELEMENTS (KOHA)
Koha item type Books
Holdings
Withdrawn status Lost status Damaged status Not for loan Home library Current library Shelving location Date acquired Total checkouts Full call number Barcode Date last seen Copy number Price effective from Koha item type
        Naharkatiya College Library Naharkatiya College Library General stacks 09/19/2020   414 | BAN 4646 09/19/2020 2 09/19/2020 Books
        Naharkatiya College Library Naharkatiya College Library General stacks 09/19/2020   414 | BAN 5207 09/19/2020 1 09/19/2020 Books